000 00874nas a2200253Ia 4500
001 R012/42596
003 IT-RoPAU
008 151124c99999999xx |||||||||||| ||und||
040 _aIT-RoPAU
040 _cIT-RoPAU
041 _aITALIANO
100 _aSocci Stefano
_gCodice Aut. SPICS: 21319
210 _aCINEMA & CINEMA
222 _aCinema & Cinema
245 _aCINEMA & CINEMA, ANNO 09-N.33 (OTTOBRE-DICEMBRE 1982)
_bConversazione Con Ken Russell
250 _a1a ed.
260 _aVENEZIA
_bMARSILIO
_c1982
501 _bPaulus - SPICS - Società San Paolo EM (non-commercial uses only)
_cCopyright2015
300 _a7 p. [60-66]
362 _aANNO 009, N.33 (OTTOBRE-DICEMBRE 1982)
500 _aIntervista con il Regista Sulle Sue Esperienze Cinematografiche e Sul Suo Cinema in Particolare.
650 _aCINEMA
_vPUBBLICAZIONE PERIODICA
942 _cCR
999 _c126571
_d126571